LAN SWITCHING AND WIRELESS (Record no. 215490)

MARC details
000 -LEADER
fixed length control field 00444nam a22001577a 4500
008 - FIXED-LENGTH DATA ELEMENTS--GENERAL INFORMATION
fixed length control field 250523b |||||||| |||| 00| 0 eng d
020 ## - INTERNATIONAL STANDARD BOOK NUMBER
International Standard Book Number 1-58713-207-9
050 ## - LIBRARY OF CONGRESS CALL NUMBER
Classification number TK 5103.8 .L49 2008
Item number C.2
100 ## - MAIN ENTRY--PERSONAL NAME
Personal name LEWIS WAYNE
245 ## - TITLE STATEMENT
Title LAN SWITCHING AND WIRELESS
Remainder of title CCNA EXPLORATION COMPANION GUIDE
260 ## - PUBLICATION, DISTRIBUTION, ETC.
Place of publication, distribution, etc. USA
Name of publisher, distributor, etc. CISCO PRESS
Date of publication, distribution, etc. 2008
500 ## - GENERAL NOTE
General note INCLUDES INDEX
650 ## - SUBJECT ADDED ENTRY
Topical term or geographic name entry element TELECOMMUNICATION
942 ## - ADDED ENTRY ELEMENTS (KOHA)
Source of classification or shelving scheme Library of Congress Classification
Koha item type Long Loan Book
Holdings
Withdrawn status Lost status Source of classification or shelving scheme Damaged status Not for loan Collection Home library Current library Shelving location Date acquired Inventory number Total checkouts Full call number Barcode Date last seen Copy number Price effective from Koha item type
    Library of Congress Classification     Science & Technology Kisii University Library Kisii University Library On Display 05/23/2025 64826   TK 5103.8 .L49 2008 037099 05/23/2025 C.2 05/23/2025 Long Loan Book
    Library of Congress Classification     Science & Technology Kisii University Library Kisii University Library On Display 05/23/2025 64825   TK 5103.8 .L49 2008   05/23/2025 C.1 05/23/2025 Long Loan Book
    Library of Congress Classification     Science & Technology Kisii University Library Kisii University Library On Display 05/23/2025 84906   TK 5103.8 .L49 2008   05/23/2025 C.3 05/23/2025 Long Loan Book